Dictionary of Indian English (Record no. 12684)

MARC details
000 -LEADER
fixed length control field 00372nam a2200145Ia 4500
082 ## - DEWEY DECIMAL CLASSIFICATION NUMBER
Classification number RR 423 YUL-;
100 ## - MAIN ENTRY--AUTHOR NAME
Personal name Yule, Henry
245 #0 - TITLE STATEMENT
Title Dictionary of Indian English
260 ## - PUBLICATION, DISTRIBUTION, ETC. (IMPRINT)
Place of publication Madras
Name of publisher Indian University Press
Year of publication 1969
300 ## - PHYSICAL DESCRIPTION
Number of Pages xlvi, 353p.
650 ## - SUBJECT ADDED ENTRY--TOPICAL TERM
Topical Term English language - Dictionaries
700 ## - ADDED ENTRY--PERSONAL NAME
Personal name Burnell, A.C.
700 ## - ADDED ENTRY--PERSONAL NAME
Personal name Kurian, G.B.T.
942 ## - ADDED ENTRY ELEMENTS (KOHA)
Koha item type Books
Source of classification or shelving scheme Dewey Decimal Classification
Holdings
Withdrawn status Lost status Damaged status Not for loan Home library Current library Date acquired Full call number Accession Number Price effective from Koha item type
        NASSDOC Library NASSDOC Library 08/06/2004 RR 423 YUL-; 1062 18/04/2019 Books